Orientaciones metodológicas para la dirección del trabajo independiente de los estudiantes de 4to. Grado de Básica del Colegio APEC (Record no. 891)

MARC details
000 -LEADER
campo de control de longitud fija 02593nam a2200553Ia 4500
001 - NÚMERO DE CONTROL
campo de control 971
008 - DATOS DE LONGITUD FIJA--INFORMACIÓN GENERAL
campo de control de longitud fija 241029s9999 xx 000 0 und d
010 ## - NÚMERO DE CONTROL DE LA BIBLIOTECA DEL CONGRESO
Número de control de LC 891
041 ## - CÓDIGO DE IDIOMA
Código de lengua del texto/banda sonora o título independiente Español
082 ## - NÚMERO DE LA CLASIFICACIÓN DECIMAL DEWEY
Número de clasificación TPG MCE-26 2005
245 #0 - MENCIÓN DEL TÍTULO
Título Orientaciones metodológicas para la dirección del trabajo independiente de los estudiantes de 4to. Grado de Básica del Colegio APEC
260 ## - PUBLICACIÓN, DISTRIBUCIÓN, ETC.
Lugar de publicación, distribución, etc. Santo Domingo
300 ## - DESCRIPCIÓN FÍSICA
Extensión 66
520 ## - RESUMEN, ETC.
Sumario, etc. 18
520 ## - RESUMEN, ETC.
Sumario, etc. El presente estudio se planteó como objetivo elaborar orientaciones metodológicas para la dirección del trabajo independiente por parte de los maestros a los estudiantes de 4to. Grado de Básica  del Colegio APEC. Para la realización del mismo se utilizó el método histórico lógico, y las técnicas de  observación y encuesta. Los resultados encontrados evidenciaron que  la forma de dirigir el trabajo independiente dentro del proceso de enseñanza-aprendizaje de la Matemática incide en el bajo rendimiento mostrado por los alumnos.  Las orientaciones metodologías referente a la dirección del trabajo independiente en el proceso de enseñanza aprendizaje de la matemática es aún insuficiente.  Se recomienda, de ser posible, esta propuesta pueda ser aplicada al Colegio APEC Fernando Arturo de Meriño, con la finalidad de que el docente pueda incorporar los conocimientos relativos propuestos al desarrollo cognitivo de los discentes.  Crear programas para que el trabajo independiente sea significativo y el resultado de los aprendizajes esperados, sea adecuado a las capacidades de los alumnos.
630 ## - PUNTO DE ACCESO ADICIONAL DE MATERIA--TÍTULO UNIFORME
Título uniforme Estudiantes
630 ## - PUNTO DE ACCESO ADICIONAL DE MATERIA--TÍTULO UNIFORME
Título uniforme Orientación Educativa
630 ## - PUNTO DE ACCESO ADICIONAL DE MATERIA--TÍTULO UNIFORME
Título uniforme Proceso de Enseñanza-Aprendizaje
630 ## - PUNTO DE ACCESO ADICIONAL DE MATERIA--TÍTULO UNIFORME
Título uniforme Rendimiento Escolar
650 ## - PUNTO DE ACCESO ADICIONAL DE MATERIA--TÉRMINO DE MATERIA
Término de materia o nombre geográfico como elemento de entrada Orientación
690 ## - PUNTO DE ACCESO ADICIONAL DE MATERIA LOCAL--TÉRMINO DE MATERIA (OCLC, RLIN)
Término de materia o nombre geográfico como elemento inicial Elaborado
700 ## - ENTRADA AGREGADA--NOMBRE PERSONAL
Término indicativo de función/relación asesor
Nombre de persona Yordy , Isabel
700 ## - ENTRADA AGREGADA--NOMBRE PERSONAL
Término indicativo de función/relación autor
Nombre de persona Hernández , Rosania
901 ## - ELEMENTOS DE DATOS A LOCAL LDA (RLIN)
a {"1":"Hernández "}
b {"1":"Rosania"}
902 ## - ELEMENTOS DE DATOS B LOCAL, LDB (RLIN)
a 1
903 ## - ELEMENTOS DE DATOS C LOCAL, LDC (RLIN)
a {"1":"Yordy "}
b {"1":"Isabel"}
904 ## - ELEMENTOS DE DATOS D LOCAL, LDD (RLIN)
a Maestría en
905 ## - ELEMENTOS DE DATOS E LOCAL, LDE (RLIN)
a Ciencias de la Educación
906 ## - ELEMENTOS DE DATOS F LOCAL, LDF (RLIN)
a 1
907 ## - ELEMENTOS DE DATOS G LOCAL, LDG (RLIN)
a Mención en
908 ## - COLOCAR PARÁMETRO DE COMANDO (RLIN)
Colocar parámetro de comando Enseñanza de las Matemáticas
909 ## -
-- Universidad Acción Pro Educación y Cultura (UNAPEC)
910 ## - DATOS DE OPCIÓN DEL USUARIO (OCLC)
Datos de opción del usuario NULL
-- NULL
911 ## - EQUIVALENCIA O REFERENCIA-CRUZADA-NOMBRE DE CONFERENCIA O REUNIÓN/CONGRESO [LOCAL, CANADÁ]
Nombre de congreso/reunión o jurisdicción como elemento de entrada ["1"]
912 ## -
-- NO APLICA
913 ## -
-- NULL
914 ## -
-- 19 de Octubre de 2005
915 ## -
-- 11/06/14 07:06
916 ## -
-- NULL
917 ## -
-- NULL
918 ## -
-- NO APLICA
919 ## -
-- ["96","148","163","177"]
921 ## -
-- 16
922 ## -
-- 16
923 ## -
-- 0
924 ## -
-- NO APLICA
942 ## - ELEMENTOS DE ENTRADA SECUNDARIOS (KOHA)
Tipo de ítem Koha

No items available.

© 2024. Todos los Derechos Reservados. Desarrollado por IDEICE